|
|
|
|
| LEADER |
00000cas a2200000 a 4500 |
| 001 |
vtls001354837 |
| 003 |
SK-MaSNL |
| 005 |
20260228155719.0 |
| 008 |
990209|19461947xxuqr p 0 0b0eng c |
| 035 |
|
|
|a SNK000308285
|
| 040 |
|
|
|a SNK
|b slo
|c SNK
|e AACR2
|
| 041 |
0 |
|
|a eng
|
| 043 |
|
|
|a n-xxu--
|
| 044 |
|
|
|a xxu
|c US
|
| 072 |
|
7 |
|a 323
|x Vnútropolitický vývoj, politický život
|2 konspekt
|
| 072 |
|
7 |
|a 316.7
|x Sociológia kultúry. Kultúrny život
|2 konspekt
|
| 072 |
|
7 |
|a 82
|x Literatúra. Literárny život
|2 konspekt
|
| 080 |
|
|
|a 323.15
|2 2011
|
| 080 |
|
|
|a (=162.4)
|2 2011
|
| 080 |
|
|
|a 316.7
|2 2011
|
| 080 |
|
|
|a 82
|2 2011
|
| 080 |
|
|
|a 93/94
|2 2011
|
| 080 |
|
|
|a (73)
|2 2011
|
| 080 |
|
|
|a 323.15(051)
|2 2011
|
| 245 |
0 |
0 |
|a The Slovak review
|b an american quartely devoted to slovak history, literature and culture
|
| 246 |
1 |
3 |
|a Slovak review
|
| 260 |
|
|
|a Middletown
|b Slovenská liga v Amerike
|c 1946-1947
|
| 300 |
|
|
|a 2 zv.
|
| 310 |
|
|
|a 4x ročne
|
| 362 |
0 |
|
|a 1 (1946)-2 (1947)
|z Exilová periodika/Formanová, Gruntorád, Přibáň/1999
|
| 650 |
0 |
7 |
|a kultúra
|2 SNKPH
|9 886
|
| 650 |
0 |
7 |
|a literatúra
|2 SNKPH
|9 1427
|
| 650 |
0 |
7 |
|a dejiny
|2 SNKPH
|9 3825
|
| 650 |
0 |
7 |
|a Slováci v zahraničí
|2 SNKPH
|9 14695
|
| 651 |
|
7 |
|a Spojené štáty americké
|2 SNKPHgeo
|9 18262
|
| 655 |
|
7 |
|a časopisy národnostných menšín
|2 SNKPH
|9 125411
|
| 710 |
0 |
|
|a Slovenská liga v Amerike (Middletown, USA)
|4 pbl
|9 265201
|
| 910 |
|
|
|a snk
|
| 999 |
|
|
|c 303
|d 303
|
| 952 |
|
|
|0 0
|1 0
|3 rekatalogizácia
|4 0
|7 0
|8 5
|a SNK
|b SNK
|d 2007-03-22
|i snkF 3156/73
|l 0
|o snkČSC 938/1/1946 D1
|p 17A0542121
|r 2026-02-21 20:38:33
|w 2026-02-21
|y PREZ
|
| 952 |
|
|
|0 0
|1 0
|4 0
|7 0
|a SNK
|b SNK
|d 1999-02-09
|l 0
|o snkČSC 938/1/1946
|p 17A0180398
|r 2005-01-02 00:00:00
|w 2026-02-21
|y PREZ
|